Social policy in a developing world / (Record no. 173375)

000 -LEADER
fixed length control field 01997cam a22004937i 4500
001 - CONTROL NUMBER
control field 17466880
003 - CONTROL NUMBER IDENTIFIER
control field Nust
005 - DATE AND TIME OF LATEST TRANSACTION
control field 20180117090021.0
008 - FIXED-LENGTH DATA ELEMENTS--GENERAL INFORMATION
fixed length control field 120918s2013 enka b 001 0 eng d
010 ## - LIBRARY OF CONGRESS CONTROL NUMBER
LC control number 2012949717
015 ## - NATIONAL BIBLIOGRAPHY NUMBER
National bibliography number GBB2C0642
Source bnb
016 7# - NATIONAL BIBLIOGRAPHIC AGENCY CONTROL NUMBER
Record control number 016220199
Source Uk
020 ## - INTERNATIONAL STANDARD BOOK NUMBER
International Standard Book Number 9781849809900 (hbk.)
020 ## - INTERNATIONAL STANDARD BOOK NUMBER
International Standard Book Number 1849809909 (hbk.)
020 ## - INTERNATIONAL STANDARD BOOK NUMBER
International Standard Book Number 1849809933 (ebook)
020 ## - INTERNATIONAL STANDARD BOOK NUMBER
International Standard Book Number 9781849809931 (ebook)
035 ## - SYSTEM CONTROL NUMBER
System control number (OCoLC)ocn820110769
040 ## - CATALOGING SOURCE
Original cataloging agency UKMGB
Language of cataloging eng
Transcribing agency UKMGB
Modifying agency OCLCO
-- YDXCP
-- BTCTA
-- CDX
-- BWX
-- PAU
-- ZCU
-- UAB
-- OCLCF
-- CHVBK
-- OCLCQ
-- DLC
Description conventions rda
042 ## - AUTHENTICATION CODE
Authentication code lccopycat
043 ## - GEOGRAPHIC AREA CODE
Geographic area code d------
050 00 - LIBRARY OF CONGRESS CALL NUMBER
Classification number HN980
Item number .S588 2013
082 04 - DEWEY DECIMAL CLASSIFICATION NUMBER
Classification number 361.61091724
Edition number 23
245 00 - TITLE STATEMENT
Title Social policy in a developing world /
Statement of responsibility, etc. edited by Rebecca Surender, Lecturer in Social Policy, University of Oxford, UK, Robert Walker, Professor of Social Policy, University of Oxford, UK.
264 #1 - PRODUCTION, PUBLICATION, DISTRIBUTION, MANUFACTURE, AND COPYRIGHT NOTICE
Place of production, publication, distribution, manufacture Cheltenham, UK ;
-- Northampton :
Name of producer, publisher, distributor, manufacturer Edward Elgar,
Date of production, publication, distribution, manufacture, or copyright notice [2013]
264 #4 - PRODUCTION, PUBLICATION, DISTRIBUTION, MANUFACTURE, AND COPYRIGHT NOTICE
Date of production, publication, distribution, manufacture, or copyright notice ©2013.
300 ## - PHYSICAL DESCRIPTION
Extent viii, 304 pages :
Other physical details illustrations ;
Dimensions 24 cm
336 ## - CONTENT TYPE
Content type term text
Content type code txt
Source rdacontent
337 ## - MEDIA TYPE
Media type term unmediated
Media type code n
Source rdamedia
338 ## - CARRIER TYPE
Carrier type term volume
Carrier type code nc
Source rdacarrier
504 ## - BIBLIOGRAPHY, ETC. NOTE
Bibliography, etc. note Includes bibliographical references and index.
650 #0 - SUBJECT ADDED ENTRY--TOPICAL TERM
Topical term or geographic name entry element Public welfare
Geographic subdivision Developing countries.
650 #7 - SUBJECT ADDED ENTRY--TOPICAL TERM
Topical term or geographic name entry element Public welfare.
Source of heading or term fast
Authority record control number or standard number (OCoLC)fst01083250
650 #7 - SUBJECT ADDED ENTRY--TOPICAL TERM
Topical term or geographic name entry element Social policy.
Source of heading or term fast
Authority record control number or standard number (OCoLC)fst01122738
650 #7 - SUBJECT ADDED ENTRY--TOPICAL TERM
Topical term or geographic name entry element Sozialpolitik.
Source of heading or term gnd
651 #0 - SUBJECT ADDED ENTRY--GEOGRAPHIC NAME
Geographic name Developing countries
General subdivision Social policy.
651 #7 - SUBJECT ADDED ENTRY--GEOGRAPHIC NAME
Geographic name Developing countries.
Source of heading or term fast
Authority record control number or standard number (OCoLC)fst01242969
651 #7 - SUBJECT ADDED ENTRY--GEOGRAPHIC NAME
Geographic name Pays en voie de développement.
Source of heading or term rero
700 1# - ADDED ENTRY--PERSONAL NAME
Personal name Surender, Rebecca.
700 1# - ADDED ENTRY--PERSONAL NAME
Personal name Walker, Robert,
Dates associated with a name 1949-
906 ## - LOCAL DATA ELEMENT F, LDF (RLIN)
a 7
b cbc
c copycat
d 2
e ncip
f 20
g y-gencatlg
942 ## - ADDED ENTRY ELEMENTS (KOHA)
Source of classification or shelving scheme
Koha item type Book
Holdings
Withdrawn status Lost status Source of classification or shelving scheme Damaged status Not for loan Collection code Permanent Location Current Location Shelving location Date acquired Total Checkouts Total Renewals Full call number Barcode Date last seen Date last checked out Price effective from Koha item type
            Central Library (CL) Central Library (CL) General Stacks 01/23/2017 2 1 361.61091724 SOC S3H-S-872 10/03/2024 08/29/2019 01/23/2017 Book
© 2023 Central Library, National University of Sciences and Technology. All Rights Reserved.